LEADER 03506oam 2200709I 450 001 9910458792103321 005 20200520144314.0 010 $a1-136-13949-4 010 $a1-136-13950-8 010 $a1-282-95420-2 010 $a9786612954207 010 $a0-08-092777-7 024 7 $a10.4324/9780080927770 035 $a(CKB)2670000000055630 035 $a(EBL)629931 035 $a(OCoLC)698105544 035 $a(SSID)ssj0000474271 035 $a(PQKBManifestationID)11287180 035 $a(PQKBTitleCode)TC0000474271 035 $a(PQKBWorkID)10450164 035 $a(PQKB)11566794 035 $a(MiAaPQ)EBC4689468 035 $a(MiAaPQ)EBC629931 035 $a(CaSebORM)9780240810157 035 $a(Au-PeEL)EBL4689468 035 $a(CaPaEBR)ebr11289139 035 $a(CaONFJC)MIL295420 035 $a(OCoLC)961433524 035 $a(EXLCZ)992670000000055630 100 $a20180706d2009 uy 0 101 0 $aeng 135 $aur|n|---||||| 181 $ctxt 182 $cc 183 $acr 200 10$aVoice-over for animation /$fJean Ann Wright and MJ Lallo 205 $a1st edition 210 1$aAmsterdam ;$aBoston :$cElsevier/Morgan Kaufmann Publishers,$d2009. 215 $a1 online resource (282 p.) 225 1 $aThe Morgan Kaufmann series in interactive 3D technology 300 $aIncludes index. 311 $a1-138-13424-4 311 $a0-240-81015-5 327 $aIntroduction to animation voice-overs -- User's manual for your voice -- Animation voice-over techniques -- Dialects -- Developing characters -- Your animation video -- Finding an agent or representative and looking for work -- Voice casting and marketing your talent -- Recording for cartoons -- Recording for animated features, games, theme parks, toys, and narration -- ADR -- Dubbing -- More practice copy. 327 $aCD index (TRT: 78:37 minutes ) -- 1. Character placements (06:21) -- 2. Character file workout (22:39) -- 3. Making an animation video (05:18) -- 4. Writing the demo (07:46) -- 5. Recording the demo ( 02:05) -- 6. Kathy Matchiner demo session recording (06:10) -- 7. Kathy Matchiner ani demo (01:47) -- 8. Edgar Recinos demo with no music or SFX (02:14) -- 9. Edgar Recinos ani demo (01:59) -- 10. M J Lallo animation demo (01:25) -- 11. Making animation singing demo (04:45) -- 12. VO home studio set up (15:39). 330 $aVoice Over for Animation takes animation and voice-over students and professionals alike through the animated voice-over world. The book provides information, exercises, and advice from professional voice-over artists. Now you can develop your own unique characters, and learn techniques to exercise your own voice gain the versatility you need to compete. You can also learn how to make a professional sounding demo CD, and find work in the field. Author MJ Lallo opened her own studio in 2000. She is a VO artist, director, producer, and casting director, casting 410 0$aMorgan Kaufmann series in interactive 3D technology. 606 $aVoice-overs 606 $aAnimation (Cinematography) 608 $aElectronic books. 615 0$aVoice-overs. 615 0$aAnimation (Cinematography) 676 $a778.5347 700 $aWright$b Jean$g(Jean Ann),$0984477 701 $aLallo$b M. J$0984478 801 0$bMiAaPQ 801 1$bMiAaPQ 801 2$bMiAaPQ 906 $aBOOK 912 $a9910458792103321 996 $aVoice-over for animation$92248797 997 $aUNINA